000 00651nam a2200265Ia 4500
005 20260121165617.0
008 008 260114s9999 xx 000 0 eng d
020 _a9783319242231
037 _aEBOOK
040 _aCRL
040 _beng
040 _cCRL
041 _2eng
041 _aeng
084 _qCRL
100 _aAamir Ahmad, Shirish Gadgeel
_91053866
245 0 _aLung Cancer and Personalized Medicine
260 _bSpringer
260 _bSpringer
260 _c2016
856 _uhttps://link.springer.com/openurl?genre=book&isbn=978-3-319-24223-1
942 _cEBOOK
999 _c1619592
_d1619592